Normal view
MARC view
Entry Topical Term
001 - CONTROL NUMBER
- control field: 246969
003 - CONTROL NUMBER IDENTIFIER
- control field: OSt
005 - DATE AND TIME OF LATEST TRANSACTION
- control field: 20251127112259.0
008 - FIXED-LENGTH DATA ELEMENTS
- fixed length control field: 251127|| aca||aabn | a|a d
040 ## - CATALOGING SOURCE
- Original cataloging agency: OSt
- Transcribing agency: OSt
150 ## - HEADING--TOPICAL TERM
- Topical term or geographic name entry element: Always the unexpected
670 ## - SOURCE DATA FOUND
- Source citation: Work cat.: (OSt)180816: Vine, Jeremy. 246967, On the road to artificial intelligence amstrad /, 1984.